000 00585nam a2200193Ia 4500
001 45773
008 140428s9999 xx 000 0 und d
020 _a9780070248502
040 _cPK-LaUMT
082 _a 004.695
_bSHN-F
100 _aCasato. Alessio
245 _aFixed mobile convergence
_bvoice over Wi-Fi, IMS, UMA/GAN, femtocells, and other enablers
_cCasato. Alessio<>Shneyderman, Alex
260 _aNew Delhi,India:
_bTata McGraw-Hill Publishing,
_c2008
300 _a272 p.
546 _aEN
650 _aInternet telephony
700 _aShneyderman, Alex
942 _cBK
999 _c43741
_d43741